LEADER 00859nam 2200289 4500 001 9910159359303321 005 20170214091330.0 100 $a20170125d1982----u y0engy50 ba 101 0 $aita 105 0 $a 00 200 1 $a<>perizie giudiziarie in edilizia e urbanistica$fAdalberto Albamonte 210 $aRoma$cLa nuova Italia scientifica$d1982 215 $a201 p.$d22 cm 225 $aAggiornamenti$v23 610 0 $aUrbanistica$aLegislazione$aPerizie 610 0 $aEdilizia$aLegislazione 676 $a347.067 700 1$aAlbamonte,$bAdalberto$030 801 0$aIT$bUNINA$gRICA$2UNIMARC 901 $aBK 912 $a9910159359303321 952 $a13 F 42 29$b33437$fFINBC 952 $aINU B 526$b746$fFARBC 959 $aFINBC 959 $aFARBC 996 $aPerizie giudiziarie in edilizia e urbanistica$9108917 997 $aUNINA LEADER 01003cam2 22003013 450 001 SOBE00020348 005 20120410102935.0 100 $a20111201d1968 |||||ita|0103 ba 101 $alat 102 $aIT 200 0 $aII 210 $aNapoli$cLib.Scientifica Editrice$d1968 215 $a293 p.$d22 cm 225 2 $aCollana di studi latini$v17 300 $a(gc) 410 1$1001LAEC00016715$12001 $a*Collana di studi latini$v17 461 1$1001SOBE00020339$12001 $aInstructiones / Commodiano ; a cura di Antonio Salvatore 700 0$aCommodianus$3SOBA00001948$4070$0454128 702 1$aSalvatore, Antonio$3SOBA00001945$4070 801 0$aIT$bUNISOB$c20120410$gRICA 850 $aUNISOB 852 $aUNISOB$j870|Coll|5|K$m21390 912 $aSOBE00020348 940 $aM 102 Monografia moderna SBN 941 $aM 957 $a870|Coll|5|K$b000012$i-II$gSI$d21390$racquisto$tN$1cutolo$2UNISOB$3UNISOB$420111201115711.0$520120410103040.0$6cutolo 996 $aII$91719534 997 $aUNISOB